| 000 | 00705nam a2200181Ia 4500 | ||
|---|---|---|---|
| 008 | 090630s9999 xx 000 0 und d | ||
| 082 | _b18425 | ||
| 100 | _aनगर्सेकर सुरेश. | ||
| 245 |
_aअल्पमोली बहुगुणी भाग 2. _cनगर्सेकर सुरेश. |
||
| 260 |
_bमनोरमा - मुंबई. _c1996 |
||
| 300 | _a184 | ||
| 600 | _aनगर्सेकर सुरेश. | ||
| 630 | _aअल्पमोली बहुगुणी भाग 2. | ||
| 655 | _aइतर. | ||
| 700 | _aनगर्सेकर सुरेश. | ||
| 730 | _aअल्पमोली बहुगुणी भाग 2. | ||
| 942 | _cBOOK | ||
| 999 |
_c270281 _d270281 |
||